000 00462nam a2200181Ia 4500
005 20240823042115.0
008 240823s9999||||xx |||||||||||||| ||und||
041 _aENGLISH
082 _A621.3 P3
100 _aMcGraw Hill
245 0 _aElectrical and Electronics / Core Engineering
250 _a1st
260 _c2003
_b"Mcgral-Hill International,New york"
500 _aTRANSFERED
650 _aElectrical
_bElectrical
942 _cBK
999 _c207085
_d207085